000 01586nam a22002537a 4500
008 171007s1996 sp||||| |||| 00| 0 eng d
020 _a8445317593
082 0 4 _a708
_bM931a
100 1 _aMoure, Gloria.
_96028
245 1 0 _aAna Mendieta /
_ccuraduría por Gloria Moure.
250 _a1a edición.
260 _aSantiago de Compostela, España :
_bCentro Galego de Arte Contemporánea,
_c1996.
300 _a275 páginas :
_bilustraciones en color.
500 _aCatálogo publicado con motivo a la exposición itinerante "Ana Mendieta", presentada en: -Centro Galego de Arte Contemporánea en Santiago de Compostela, del 23 de julio al 13 de octubre de 1996 -Kunsthalle Düsseldorf, del 31 de octubre al 29 de diciembre de 1996 -Fundació Antoni Tàpies en Barcelona, del 21 de enero al 30 de marzo de 1997 -Miami Art Museum of Dade County en Miami, de junio a agosto de 1997 -The Museum of Contemporary Art (MOCA) en Los Angeles, del 10 de agosto al 2 de noviembre de 1997.
505 0 _tAna Mendieta
_rGloria Moure.
_tAna Mendieta, autonomous body
_rDonald Kuspit.
_tFrom inscription to dissolution: an essay on consumption in the work of Ana Mendieta
_rCharles Merewether.
_tAna Mendieta: identity and the Siluetas series
_rMary Sabbatino.
_tPersonal Writhigs
_rAna Mendieta.
_tChildhood memories: religion, politics, art
_rRaquelín Mendieta.
653 1 0 _aArte contemporáneo
653 1 0 _aCatálogo de exhibición
653 1 0 _aExhibición itinerante
653 1 0 _aArte - Cuba
653 1 0 _aDibujo
653 1 0 _aEscultura
653 1 0 _aPerformance
653 1 0 _aArte rupestre
999 _c1315
_d1315